Datum a čas kvízu
24
Celkem bodů
Celkový počet nahraných bodů na tomto kvízu bez doplňovacích otázek.
6.
Pořadí na kvízu
Konečné umístění týmu na tomto kvízu.
Zaznamenané odpovědi
| # | Otázka | Odpověď | Body | Výsledky |
|---|---|---|---|---|
| 1. | Český premiér Petr Fiala se mi... | Etiopii | 0 | |
| 2. | V úterý se v jisté evropské mo... | Španělsko, princezna Leonor | 0.5 | |
| 3. | V uplynulém týdnu zveřejnila Č... | Klíč svatého Petra | 1 | |
| 4. | Minulý týden otevřel jistý ame... | Popeye's | 1 | |
| 5. | Lionel Messi získal poosmé cen... | Erling Haaland, Kylian Mbappé | 0.5 | |
| -14. | O které významné ženě 18. stol... | o Marii Antoinettě | 0 | |
| -13. | Přívlastkové víno, k jehož výr... | výběr z cibéb | 0 | |
| -12. | Jak se slovem začínajícím na p... | enologie | 0 | |
| -11. | Seřaďte státy níže podle množs... | 1C 2D 3A 4B | 1 | |
| -10. | Snaha zabránit plýtvání při zp... | grappa | 0 |